[Event "CRO-chT3 West"]
[Site "Croatia"]
[Date "2011.03.13"]
[Round "2.26"]
[White "Jerkovic, Maroje"]
[Black "Zanacic, Enes"]
[Result "1-0"]
[WhiteElo "1802"]
[BlackElo "1901"]
[PlyCount "51"]
[EventDate "2011.03.12"]
[EventType "team-tourn"]
[EventRounds "9"]
[EventCountry "CRO"]
[SourceTitle "EXT 2014"]
[Source "ChessBase"]
[SourceDate "2013.11.20"]
[SourceVersion "1"]
[SourceVersionDate "2013.11.20"]
[SourceQuality "1"]

1. e4 d6 2. d4 g6 3. f4 Bg7 4. c3 Nf6 5. e5 dxe5 6. fxe5 Nd5 7. Bc4 c6 8. Nf3 0-0 9. 0-0 h6 10. Qe1 e6 11. Nbd2 c5 12. Ne4 cxd4 13. cxd4 Nc6 14. Nd6 Ncb4 15. Qe4 Nb6 16. Bb3 N4d5 17. Bd2 a5 18. a3 Ra7 19. Rf2 Bd7 20. Raf1 Bc6 21. Ne1 Ne7 22. Qg4 Nf5 23. Nxf5 exf5 24. Qxg6 Nd5 25. Qxf5 Qb6 26. Bc2 1-0